000
00295nam a22001337a 4500
008
170629b xxu||||| |||| 00| 0 eng d
020
_a
2900618988562
041
_a
eng
080
_a
82
100
_a
22
101
_a
GJL
245
_a
THE NEW HUMANITIES READER
_c
MILLER, R.E
942
_2
udc
_c
BK
999
_c
19570
_d
19570